| 000 | 01410nam a2200385Ii 4500 | ||
|---|---|---|---|
| 001 | DIGFUNB0024 | ||
| 003 | NyNyDIG | ||
| 008 | 140701s2012 sp ob 000 p spa d | ||
| 006 | m o d | ||
| 007 | cr ||||||||||| | ||
| 020 | _z9788494029318 | ||
| 020 | _z8494029312 | ||
| 035 | _a(OCoLC)891306064 | ||
| 040 |
_aDGITA _beng _erda _epn _cDGITA |
||
| 050 | 1 | 4 | _aPQ6703.O787 eBook |
| 100 | 1 |
_aCotta Lobato, Daniel, _d1974- _eauthor. |
|
| 245 | 1 | 0 |
_aVideojugarse la vida / _cDaniel Cotta Lobato. |
| 250 | _aPrimera edición. | ||
| 264 | 1 |
_aLas Rozas, Madrid : _bEditorial Funambulista, _c2012. |
|
| 300 | _a1 online resource (501 pages). | ||
| 336 |
_atext _btxt _2rdacontent |
||
| 337 |
_acomputer _bc _2rdamedia |
||
| 338 |
_aonline resource _bcr _2rdacarrier |
||
| 490 | 1 | _aLiteradura | |
| 504 | _aIncludes bibliographical references. | ||
| 588 | 0 | _aOnline resource; title from ePub and PDF title page (Digitalia, viewed July 5, 2014) | |
| 655 | 0 | _aElectronic books. | |
| 791 | 2 |
_aDigitalia (Firm), _edistributor. |
|
| 793 | 0 |
_gDigitalia eBook Collection: _aEditorial Funambulista. |
|
| 776 | 0 | 8 |
_iPrint version: _aCotta Lobato, Daniel. _tVideojugarse la vida. _dMadrid : Funambulista, 2012 _z9788494029318 _w(OCoLC)830035969 |
| 830 | 0 | _aLiteradura. | |
| 856 | 4 | 0 |
_3Digitalia Hispánica _uhttps://www.digitaliapublishing.com/a/20902/ |
| 910 | _aPremium Collection: 2013 | ||
| 942 | _cRAA | ||
| 999 |
_c237164 _d237164 |
||